00446nam a2200109Ia 4500008004100000020001800041245008300059260002200142650002200164650010500186856004500291171212s9999 xx 000 0 und d a9781921313738 ceditor Gani, Miriam;Mathew, PenelopeaFresh Perspectives on the 'War on Terror bANU E Pressc2008 aPolitical Science aTerrorism; War on Terrorism, 2001-National security -- Law and legislation; Islam and world politics uwww.jstor.org/stable/10.2307/j.ctt24hf7j